LIBRARY & INFORMATION CENTRE, KCAET, TAVANUR

ONLINE PUBLIC ACCESS CATALOGUE (OPAC)

Problems in hydraulics / (Record no. 7350)

MARC details
000 -LEADER
fixed length control field 00568cam a2200241ua 4500
041 ## - LANGUAGE CODE
Language code of text/sound track or separate title eng
082 ## - DEWEY DECIMAL CLASSIFICATION NUMBER
Classification number 532
Item number RAJ/PR
100 ## - MAIN ENTRY--AUTHOR NAME
Personal name Rajaraman, S.
245 ## - TITLE STATEMENT
Title Problems in hydraulics /
250 ## - EDITION STATEMENT
Edition statement 5 /
260 ## - PUBLICATION, DISTRIBUTION, ETC. (IMPRINT)
Place of publication Thiruvananthapuram :
Name of publisher St Josephs Press ,
Year of publication 1959.
300 ## - PHYSICAL DESCRIPTION
Number of Pages 248 ; .
942 ## - ADDED ENTRY ELEMENTS (KOHA)
Koha item type Books
Holdings
Withdrawn status Lost status Damaged status Home library Current library Date acquired Cost, normal purchase price Full call number Accession Number Koha item type
Withdrawn     KAUAET KAUAET 07/04/2012 4.50 532 RAJ/PR 7187 Books
Withdrawn     KAUAET KAUAET 07/04/2012 4.50 532 RAJ/PR 7185 Books
Withdrawn     KAUAET KAUAET 07/04/2012 4.50 532 RAJ/PR 7189 Books
Withdrawn     KAUAET KAUAET 07/04/2012 4.50 532 RAJ/PR 7184 Books
Withdrawn     KAUAET KAUAET 07/04/2012 4.50 532 RAJ/PR 7186 Books
Withdrawn     KAUAET KAUAET 07/04/2012 4.50 532 RAJ/PR 7188 Books
free website counter